Statistics for Countries of the World - 15 Second Sprint (no map)

Click here to take the quiz!

General Stats

  • This quiz has been taken 8,562 times
  • The average score is 10 of 196

Answer Stats

answer% Correct
United States
73%
United Kingdom
62%
Canada
40%
United Arab Emirates
30%
China
30%
Mexico
25%
France
25%
Russia
22%
Ireland
19%
Democratic Republic of the Congo
19%
Spain
18%
Germany
18%
Central African Republic
18%
Japan
17%
Republic of the Congo
16%
Italy
13%
Chad
12%
India
12%
Iceland
12%
Iran
11%
Australia
11%
Togo
11%
Brazil
11%
Ukraine
11%
Sweden
11%
Iraq
10%
Fiji
10%
Norway
9%
Peru
9%
Mali
8%
Oman
8%
Cuba
8%
Portugal
8%
Tonga
8%
Chile
7%
Denmark
7%
Papua New Guinea
7%
Finland
7%
Nauru
7%
Benin
6%
Palau
6%
Yemen
6%
Laos
6%
Belgium
5%
Qatar
5%
Samoa
5%
Tuvalu
5%
Austria
5%
Niger
5%
Poland
5%
South Korea
4%
Andorra
4%
Egypt
4%
New Zealand
4%
Argentina
4%
Netherlands
4%
Belize
4%
Haiti
4%
Panama
4%
Ghana
4%
Algeria
3%
São Tomé and Príncipe
3%
Sudan
3%
Guatemala
3%
Jamaica
3%
Nigeria
3%
Turkey
3%
Taiwan
3%
Gabon
3%
North Korea
3%
Albania
3%
Vanuatu
3%
Mongolia
3%
Greece
3%
Monaco
3%
Israel
3%
Malta
3%
Kuwait
3%
Estonia
3%
Vatican City
3%
Latvia
3%
Bhutan
3%
Belarus
3%
Bahrain
3%
Guinea
2%
Libya
2%
Gambia
2%
Kenya
2%
Nicaragua
2%
Uganda
2%
Honduras
2%
Malawi
2%
Lithuania
2%
Morocco
2%
Romania
2%
Dominica
2%
San Marino
2%
Nepal
2%
Serbia
2%
South Africa
2%
Bahamas
2%
Bolivia
2%
Brunei
2%
Colombia
2%
Angola
2%
Kiribati
2%
Thailand
2%
Hungary
2%
Cambodia
2%
Jordan
2%
Singapore
2%
Vietnam
2%
Indonesia
2%
Croatia
2%
Uruguay
2%
Paraguay
2%
Pakistan
2%
Ecuador
2%
Syria
2%
Dominican Republic
1%
Costa Rica
1%
Bulgaria
1%
Slovakia
1%
Czech Republic
1%
Barbados
1%
Bosnia and Herzegovina
1%
Antigua and Barbuda
1%
Zimbabwe
1%
Federated States of Micronesia
1%
El Salvador
1%
Grenada
1%
Kosovo
1%
Moldova
1%
Venezuela
1%
Saint Kitts and Nevis
1%
Saint Lucia
1%
Suriname
1%
Saint Vincent and the Grenadines
1%
Trinidad and Tobago
1%
Macedonia
1%
Guyana
1%
Luxembourg
1%
Zambia
1%
Burundi
1%
Tunisia
1%
Burkina Faso
1%
Eritrea
1%
Slovenia
1%
Burma
1%
Comoros
1%
Cyprus
1%
Cameroon
1%
East Timor
1%
Botswana
1%
Bangladesh
1%
Georgia
1%
Kazakhstan
1%
Sri Lanka
1%
Saudi Arabia
1%
Lebanon
1%
Philippines
1%
Malaysia
1%
Ethiopia
1%
Djibouti
1%
Lesotho
1%
Namibia
1%
Tanzania
1%
Switzerland
1%
South Sudan
1%
Somalia
1%
Senegal
1%
Afghanistan
1%
Armenia
1%
Azerbaijan
1%
Rwanda
1%
Liberia
1%
Mozambique
0%
Marshall Islands
0%
Maldives
0%
Solomon Islands
0%
Swaziland
0%
Madagascar
0%
Mauritania
0%
Kyrgyzstan
0%
Equatorial Guinea
0%
Tajikistan
0%
Cabo Verde
0%
Sierra Leone
0%
Turkmenistan
0%
Uzbekistan
0%
Mauritius
0%
Guinea-Bissau
0%
Montenegro
0%
Cote D'Ivoire
0%
Liechtenstein
0%
Seychelles
0%

Score Distribution

Percentile by Number Answered

Percent of People with Each Score

Your Score History

You have not taken this quiz